000 00826nam a22002297a 4500
010 _aENG-122201
020 _a9789352533084
_c695.00
035 _aB-685848-862
035 _aEN-105733
037 _bABC/Ven.
_adpl
037 _bDBAD/PUB
082 _a658.1511
100 _aLal, Jawahar
245 _aAdvanced management accounting :
_cby Jawahar Lal
_btext, problems & cases /
250 _a4th ed
260 _aNew Delhi
_bS. Chand
_c2016
270 _a7361, Ram Nagar,
_bNew Delhi
_e110055
300 _avarious pagings
_c24cm(pbk)
500 _aIncludes bibliographical references and index
942 _2ddc
_cEN
_mLAL
_h658.1511
999 _c144235
_d144235